| 000 | 00401nam a2200121Ia 4500 | ||
|---|---|---|---|
| 008 | 220217s9999 xx 000 0 und d | ||
| 245 | 0 | _aRubber compounding ingredients- Sulfenamide accelerators- Test methods | |
| 260 | _aSwitzerland | ||
| 260 |
_c1999 _bInternational Organization for Standardization |
||
| 500 | _aStandard number: ISO 11235 | ||
| 650 | _aRubber compounding ingredients | ||
| 942 | _cST | ||
| 999 |
_c73992 _d73992 |
||